000 00771nam a2200229 a 4500
001 000002676
005 20260116073830.0
008 090703s2009 dr ac r 001 0 spa d
020 _a978994504102
040 _aDO-SdBNP
_bspa
_cBNPHU
082 _a158.1
_bF316L
100 0 _aFéliz Ramírez, Midelín
_91270
245 1 0 _aLevántate :
_bcuando los demás caen, avanza mientras los demás se estancan /
_cMidelín Féliz Ramírez.
260 _aSanto Domingo :
_bMaxi Publicidad,
_c2009.
300 _a150 p. :
_bil. retrs. ;
_c21 cm.
500 _aIncluye índice
590 _aInventariado, 2018/LP
650 4 _aTécnicas de autoayuda
_9387
650 0 _aAutoestima
_9212
650 4 _aConfianza en sí mismo
_9388
910 _aValidado. Control de calidad. MMOLINA
999 _c2512
_d2512